Statistics for AQA A-Level Biology Nucleic Acids Quick Questions

Click here to take the quiz!

General Stats

  • This quiz has been taken 537 times
  • The average score is 9 of 14

Answer Stats

HintAnswer% Correct
Sugar in RNARibose
95%
Sugar in DNADeoxyribose
94%
Bond formed between nucleotides in DNAPhosphodiester
85%
True or False: ATP is storedFalse
82%
True or False: Water has a high specific heat capacityTrue
80%
Nucleic base that is different in RNAUracil
79%
Number of phophates in ATP3
78%
Bonds between bases in DNAHydrogen
76%
Bonds that cause cohesion in waterHydrogen
64%
Enzyme that breaks the hydrogen bonds causing the strand to separate in semi-conservative replicationDNA Helicase
61%
Enzyme that makes the phosphodiester bond between the nucleotides in semi-conservative replicationDNA Polymerase
60%
Enzyme that aids resynthesis of ATPATP Synthase
39%
Property of water meaning has both positive and negative chargesDipolar
21%
Nucleic bases in DNA (Cytosine, Guanine, Thymine and Adenine
3%

Score Distribution

Percentile by Number Answered

Percent of People with Each Score

Your Score History

You have not taken this quiz